गांधी टोपी / (Record no. 121474)
[ view plain ]
| 000 -LEADER | |
|---|---|
| fixed length control field | 01093nam a22002537a 4500 |
| 005 - DATE AND TIME OF LATEST TRANSACTION | |
| control field | 20170124103215.0 |
| 010 ## - LIBRARY OF CONGRESS CONTROL NUMBER | |
| LC control number | 118095 |
| 020 ## - INTERNATIONAL STANDARD BOOK NUMBER | |
| Terms of availability | 2.00 |
| 035 ## - SYSTEM CONTROL NUMBER | |
| System control number | 118095 |
| 037 ## - SOURCE OF ACQUISITION | |
| Source of stock number/acquisition | Cen Lib/Ret |
| 040 ## - CATALOGING SOURCE | |
| Original cataloging agency | DPL |
| Language of cataloging | HN |
| 082 ## - DEWEY DECIMAL CLASSIFICATION NUMBER | |
| Classification number | उ |
| Item number | राधिका |
| 100 ## - MAIN ENTRY--PERSONAL NAME | |
| Personal name | राधिकारमण प्रसाद सिंह |
| 9 (RLIN) | 46099 |
| 245 ## - TITLE STATEMENT | |
| Title | गांधी टोपी / |
| Remainder of title | राधिकारमण प्रसाद सिंह |
| 246 ## - VARYING FORM OF TITLE | |
| Title proper/short title | Gandhi topi / |
| Remainder of title | by Radhikaraman Prasad Singh |
| 260 ## - PUBLICATION, DISTRIBUTION, ETC. (IMPRINT) | |
| Place of publication, distribution, etc | बिहार |
| Name of publisher, distributor, etc | राजराजेश्वरी-साहित्य-मन्दिर |
| Date of publication, distribution, etc | 1951 |
| 300 ## - PHYSICAL DESCRIPTION | |
| Extent | 136पृ. |
| Dimensions | 18सेमी(सजिल्द) |
| 490 ## - SERIES STATEMENT | |
| Series statement | श्री राजराजेश्वरी-साहित्य-मन्दिर का तृतीय पुष्प |
| 650 ## - SUBJECT ADDED ENTRY--TOPICAL TERM | |
| Topical term or geographic name as entry element | साहित्य--उपन्यास |
| 9 (RLIN) | 98835 |
| 650 ## - SUBJECT ADDED ENTRY--TOPICAL TERM | |
| Topical term or geographic name as entry element | हिंदी उपन्यास |
| 9 (RLIN) | 98836 |
| 650 ## - SUBJECT ADDED ENTRY--TOPICAL TERM | |
| Topical term or geographic name as entry element | Literature--novel |
| 9 (RLIN) | 98837 |
| 650 ## - SUBJECT ADDED ENTRY--TOPICAL TERM | |
| Topical term or geographic name as entry element | Hindi novel |
| 9 (RLIN) | 98838 |
| 942 ## - ADDED ENTRY ELEMENTS (KOHA) | |
| Source of classification or shelving scheme | Dewey Decimal Classification |
| Koha item type | Hindi Books |
| Classification part | उ |
| Call number suffix | राधिका |
| Withdrawn status | Lost status | Damaged status | Not for loan | Home library | Current library | Date acquired | Source of acquisition | Cost, normal purchase price | Total Checkouts | Full call number | Barcode | Date last seen | Copy number | Cost, replacement price | Price effective from | Koha item type |
|---|---|---|---|---|---|---|---|---|---|---|---|---|---|---|---|---|
| Central Library | Central Library | 08/10/2015 | Cen Lib/Ret | 2.00 | उ राधिका | 118095 | 08/10/2015 | 1 | 2.00 | 08/10/2015 | Hindi Books |
